| 000 | 00948nam a2200289Ia 4500 | ||
|---|---|---|---|
| 001 | Z_1641 | ||
| 003 | CHAP | ||
| 008 | 220113s1992 xx 000 0 und d | ||
| 010 | _a164728 | ||
| 040 | _cCHAP | ||
| 082 | _a630.972 S55 | ||
| 100 |
_aSimposium sobre Origen, Desarrollo y Actualidad de la Agricultura y Agronomía en México (1: 1991: Chapingo, Méx.) _9138809 |
||
| 245 |
_aMemorias / _cpor UACH. Dirección de Difusión Cultural |
||
| 260 |
_aChapingo, Méx. : _bLa Dirección, _c1992 |
||
| 300 | _a164 p | ||
| 650 |
_aAgricultura _xAspectos económicos _xMéxico I. UACH. Dirección de Difusión Cultural II. UACH. CIESTAAM _9138810 |
||
| 650 |
_aAgricultura _xMéxico _9138811 |
||
| 650 |
_aDesarrollo rural _932067 |
||
| 650 |
_aMéxico _xAgricultura _9138812 |
||
| 650 |
_aMéxico _xAgricultura _xHistoria _9137687 |
||
| 901 | _a630.972 S55 | ||
| 902 | _aM | ||
| 910 | _a1992 | ||
| 942 | _c1 | ||
| 942 | _cc1 | ||
| 999 |
_c164728 _d164728 |
||